00727nam a2200229Ia 450000500170000000800410001702000180005810000330007624500320010925000180014130000250015949000140018450000420019865000390024065000410027926400430032033600270036333700330039033800280042304000350045108400110048620220317001521.0161108s2016 a g 000 j s  a97898757808041 aCortázar, Juliod1914-198410aBestiariocJulio Cortázar a9a. edición a131 páginasc19 cm aNarrativa aIncluye datos biográficos del autor142LEMBaCuentos argentinosySiglo XX142LEMBaLiteratura argentinaySiglo XX aBuenos AiresbPunto de lecturac[2016] atextobtxt2rdacontent asin mediaciónbn2rdamedia avolumenbnc2rdacarrier aCO-BoRNBPbspaerdacCO-BoRNBP aC COR2